| 000 | 01607cam a2200457 i 4500 | ||
|---|---|---|---|
| 001 | 0008124458 | ||
| 003 | OSt | ||
| 005 | 20260425120736.0 | ||
| 007 | ta | ||
| 008 | 250815s2026 onca j 000 1 fre d | ||
| 020 |
_a9781039716339 _q(broch)̌ |
||
| 024 | 3 | _a9781039716339 | |
| 040 |
_aBTLF _bfre _erda _cBTLF _dSQTD _dSDM _dSQTD _dQMBND |
||
| 041 | 1 |
_afre _heng |
|
| 082 | 0 | 5 |
_aALB JOH _bJ655t _223/fre/202604 |
| 082 | 0 | 5 |
_a813.54 _bJ655t _223/fre/202604 |
| 100 | 1 |
_aJohn, Jory _eauteur |
|
| 240 | 1 | 0 |
_aHumble pie. _lFranȧis |
| 245 | 1 | 3 |
_aLa tarte modeste / _cJory John ; illustrations de, Pete Oswald ; texte franȧis d'Isabelle Fortin. |
| 264 | 1 |
_aToronto (Ontario) : _bScholastic, _c[2026] |
|
| 264 | 4 | _c♭2026 | |
| 300 |
_a32 pages non numřotěs : _billustrations ; _c28 cm |
||
| 336 |
_atexte _btxt _2rdacontent |
||
| 336 |
_aimage fixe _bsti _2rdacontent |
||
| 337 |
_asans mďiation _bn _2rdamedia |
||
| 338 |
_avolume _bnc _2rdacarrier |
||
| 650 | 7 |
_aTartes _vFiction _2vmj |
|
| 650 | 7 |
_aHumilit _vFiction _2vmj |
|
| 650 | 7 |
_aAmis _vFiction _2vmj |
|
| 650 | 7 |
_aGt́eaux _vFiction _2vmj |
|
| 650 | 7 |
_aDevoirs l̉a maison _vFiction _2vmj |
|
| 650 | 7 |
_aParesse _vFiction _2vmj |
|
| 650 | 7 |
_aAssertivit _vFiction _2vmj |
|
| 650 | 7 |
_aEstime de soi _vFiction _2vmj |
|
| 655 | 7 |
_aAlbums de fiction _2rvmgf |
|
| 700 | 1 |
_aOswald, Pete, _d1980- _eillustrateur |
|
| 700 | 1 |
_aFortin, Isabelle _c(Traductrice) _etraducteur |
|
| 700 | 1 |
_iTraduction de : _aJohn, Jory _tHumble pie |
|
| 942 |
_2ddc _cALBUM |
||
| 999 |
_c18842 _d18842 |
||